00624 2200229 4500001002100000005001700021008004100038035002400079082001000103090001700113100002600130245006000156260002600216300001900242500003100261650003400292700002000326850001200346980001500358985000600373999001500379YOGYA-0209000005946320090227034636.0 ind  0010-020900000059463 a823.9 a823.9bWel W aWells, Herbert george aThe world set freecHerbert george wells;Ritchie colder aLondonbCollinsc1956 a255 hlmc18 cm aBibliografi : hlm. 251-255 aKesusastraan Inggris - Cerita aColder, Ritelie aYOPDYOG a05-08-2008 a1 ab000004901